Score 0/5 Timer 02:00
0 Plays Today
% Correct
Hamas
68.5%
Taliban
63%
Hezbollah
57.4%
FARC
33.3%
Al Shabaab
24.1%

You're not logged in!

Compare scores with friends on all Sporcle quizzes.
OR
Log In

Sporcle TV

Today on Sporcle TV


Watch our educational content, quiz creation guides, and fun videos on Sporcle TV.

Show Comments

Extras

Created Oct 30, 2013SourceReportNominate
Tags:rich, Terrorism

Top Quizzes Today


Score Distribution

Paid Content

Your Account Isn't Verified!

In order to create a playlist on Sporcle, you need to verify the email address you used during registration. Go to your Sporcle Settings to finish the process.

Report this User

Report this user for behavior that violates our Community Guidelines.

Details: